Safety or Not? Quiz Stats

 Plays Quiz not verified by Sporcle

Also try: NHL Logos
Challenge
Share
Tweet
Score 0/16 Timer 02:00
0 Plays Today
Points Scored Safety or Not? % Correct
9???
81%
3???
81%
5???
80.8%
6???
79.9%
10???
78.3%
18???
77.3%
24???
76.8%
19???
76.2%
Points Scored Safety or Not? % Correct
12???
75.7%
11???
74.6%
17???
74.3%
21???
73.2%
15???
72.5%
30???
72.5%
14???
70.2%
13???
68%

You're not logged in!

Compare scores with friends on all Sporcle quizzes.
Join for Free
OR
Log In

You Might Also Like...

Show Comments

Extras

Top Quizzes Today


Score Distribution

Your Account Isn't Verified!

In order to create a playlist on Sporcle, you need to verify the email address you used during registration. Go to your Sporcle Settings to finish the process.

Report this User

Report this user for behavior that violates our Community Guidelines.

Details: